000 00643nam a2200181Ia 4500
008 100921s9999 xx 000 0 und d
082 _b14076
_a294.563 ढ 05
100 _aरानडे विनायक विट्ठल.
245 _aनिळोबाराय अभंगगाथा.
260 _b---
_c1805
300 _a334
_b---
365 _b0
520 _aधर्म-संत संहित्य.
630 _aनिळोबाराय अभंगगाथा.
650 _aधर्म-संत संहित्य.
730 _aनिळोबाराय अभंगगाथा.
942 _cBOOK
999 _c763189
_d763186